| 000 | 00657nam a2200253Ia 4500 | ||
|---|---|---|---|
| 003 | OSt | ||
| 005 | 20221006145013.0 | ||
| 006 | a|||||r|||| 00| 0 | ||
| 007 | ta | ||
| 008 | 221006b |||||||| |||| 00| 0 eng d | ||
| 020 |
_a0706901843 _c20.00 |
||
| 024 | _a13,472 | ||
| 037 | _cTextual | ||
| 040 |
_aEASL _cEASL _beng |
||
| 041 |
_2eng _aeng |
||
| 082 | _aV44Q7.N7, L2 | ||
| 100 |
_aMUKERJEE Dilip _9264786 |
||
| 245 | 0 | _aZulfiqfar Ali Bhutto quest for power | |
| 260 |
_aDelhi _bVIkas Pub. _c1972 |
||
| 300 |
_a240p. _ccm. |
||
| 490 | _v Oth | ||
| 942 |
_hV44Q7.N7, L2 _cTEXL _2CC |
||
| 999 |
_c1081558 _d1081558 |
||